<?xml version="1.0" encoding="UTF-8"?>
<record
    xmlns:xsi="http://www.w3.org/2001/XMLSchema-instance"
    xsi:schemaLocation="http://www.loc.gov/MARC21/slim http://www.loc.gov/standards/marcxml/schema/MARC21slim.xsd"
    xmlns="http://www.loc.gov/MARC21/slim">

  <leader>02435nab a2200277 a 4500</leader>
  <controlfield tag="005">20250203095950.0</controlfield>
  <controlfield tag="007">ta</controlfield>
  <controlfield tag="008">250128e2009    dr uu|p|r||||||0| | spa d</controlfield>
  <datafield tag="022" ind1=" " ind2=" ">
    <subfield code="a">2636-1981</subfield>
  </datafield>
  <datafield tag="040" ind1=" " ind2=" ">
    <subfield code="a">DO-SdBNP</subfield>
    <subfield code="c">DO-SdBNP</subfield>
    <subfield code="e">rda</subfield>
  </datafield>
  <datafield tag="041" ind1=" " ind2=" ">
    <subfield code="h">spa</subfield>
  </datafield>
  <datafield tag="100" ind1=" " ind2=" ">
    <subfield code="a">Tena D&#xE1;vila, Manuel de</subfield>
    <subfield code="9">86923</subfield>
    <subfield code="e">asesor</subfield>
  </datafield>
  <datafield tag="245" ind1=" " ind2=" ">
    <subfield code="a">Los servicios geol&#xF3;gicos : </subfield>
    <subfield code="b">instituciones p&#xFA;blicas al servicio de la sociedad /</subfield>
    <subfield code="c">Manuel de Tena D&#xE1;vila.</subfield>
  </datafield>
  <datafield tag="264" ind1=" " ind2=" ">
    <subfield code="a">Santo Domingo, Rep&#xFA;blica Dominicana : </subfield>
    <subfield code="b">Sociedad Dominicana de Geolog&#xED;a (SODOGEO), </subfield>
    <subfield code="c">2009.</subfield>
  </datafield>
  <datafield tag="300" ind1=" " ind2=" ">
    <subfield code="a">p&#xE1;gina 20 ; </subfield>
    <subfield code="c">28 cm.</subfield>
  </datafield>
  <datafield tag="310" ind1=" " ind2=" ">
    <subfield code="a">Desconocida.</subfield>
  </datafield>
  <datafield tag="336" ind1=" " ind2=" ">
    <subfield code="a">texto</subfield>
    <subfield code="b">txt</subfield>
    <subfield code="2">rdacontent</subfield>
  </datafield>
  <datafield tag="337" ind1=" " ind2=" ">
    <subfield code="a">sin mediacion</subfield>
    <subfield code="b">n</subfield>
    <subfield code="2">rdamedia</subfield>
  </datafield>
  <datafield tag="338" ind1=" " ind2=" ">
    <subfield code="a">volumen</subfield>
    <subfield code="b">nc</subfield>
    <subfield code="2">rdacarrier</subfield>
  </datafield>
  <datafield tag="362" ind1=" " ind2=" ">
    <subfield code="a">Volumen 6, No. 25, Noviembre 2009.</subfield>
  </datafield>
  <datafield tag="521" ind1=" " ind2=" ">
    <subfield code="a">Pr&#xE1;cticamente todos los Servicios Geol&#xF3;gicos del mundo se crearon como instituciones ligadas o muy relacionadas con la actividad minera, exploraci&#xF3;n, y explotaci&#xF3;n de recursos minerales. En los &#xFA;ltimos 30 a&#xF1;os, su actividad se ha ampliado y centrado en proporcionar informaci&#xF3;n dirigida, fundamentalmente, a la ordenaci&#xF3;n del territorio, a la explotaci&#xF3;n sostenible de los recursos naturales y al medioambiente de cada pa&#xED;s, regi&#xF3;n o localidad. Se puede decir que, actualmente, los Servicios Geol&#xF3;gicos son instituciones p&#xFA;blicas expertas en el conocimiento cient&#xED;fico t&#xE9;cnico de su territorio y que se las considera como las instituciones m&#xE1;s adecuadas y capacitadas para asesorar a la sociedad sobre su protecci&#xF3;n y gesti&#xF3;n sostenible. Al ser el patrimonio geol&#xF3;gico de cada pa&#xED;s un activo fundamental que el Estado debe de proteger y conservar, los Servicios Geol&#xF3;gicos son las organizaciones responsables de administrar estos activos de una forma sostenible y ponerlos a disposici&#xF3;n de la sociedad. Son los depositarios del conocimiento cient&#xED;fico de la geolog&#xED;a del pa&#xED;s, de su actualizaci&#xF3;n, documentaci&#xF3;n y de su adecuaci&#xF3;n y traducci&#xF3;n, para que repercuta en la sociedad y en la mejor calidad de vida de los ciudadanos...</subfield>
    <subfield code="b">http://redciencia.cu/geobiblio/paper/2009_Boletin_Geo25_Dominicana_Carib.pdf</subfield>
  </datafield>
  <datafield tag="650" ind1=" " ind2="0">
    <subfield code="a">Servicios</subfield>
    <subfield code="9">26253</subfield>
    <subfield code="v">Publicaciones peri&#xF3;dicas </subfield>
    <subfield code="z">Rep&#xFA;blica Dominicana</subfield>
  </datafield>
  <datafield tag="773" ind1="0" ind2=" ">
    <subfield code="0">58091</subfield>
    <subfield code="9">320152</subfield>
    <subfield code="a">Sociedad Dominicana de Geolog&#xED;a (SODOGEO)</subfield>
    <subfield code="o">2025-0490</subfield>
    <subfield code="t">Geo noticias /</subfield>
    <subfield code="x">2636-1981</subfield>
  </datafield>
  <datafield tag="856" ind1=" " ind2=" ">
    <subfield code="u">http://redciencia.cu/geobiblio/paper/2009_Boletin_Geo25_Dominicana_Carib.pdf</subfield>
  </datafield>
  <datafield tag="942" ind1=" " ind2=" ">
    <subfield code="2">ddc</subfield>
    <subfield code="c">ISSUE</subfield>
  </datafield>
  <datafield tag="999" ind1=" " ind2=" ">
    <subfield code="c">58093</subfield>
    <subfield code="d">58093</subfield>
  </datafield>
</record>
